[Event "Olympiad-45"]
[Site "Budapest"]
[Date "2024.09.12"]
[Round "2.69"]
[White "Boggiano Pereira, Miguel A"]
[Black "Adeshole Beckley, Brian"]
[Result "1-0"]
[WhiteElo "2015"]
[BlackElo "1814"]
[PlyCount "113"]
[EventDate "2024.09.11"]
[EventType "team-swiss"]
[EventRounds "11"]
[EventCountry "HUN"]
[SourceTitle "EXT 2025"]
[Source "ChessBase"]
[SourceDate "2024.10.14"]
[SourceVersion "1"]
[SourceVersionDate "2024.10.14"]
[SourceQuality "1"]
[WhiteTeam "Puerto Rico"]
[BlackTeam "Sierra Leone"]
[WhiteTeamCountry "PUR"]
[BlackTeamCountry "SIE"]

1. d4 e6 2. c4 d5 3. Nf3 c5 4. cxd5 exd5 5. g3 Nc6 6. Bg2 Nf6 7. 0-0 Be7 8. dxc5 Bxc5 9. a3 a5 10. Bg5 Be6 11. Nc3 Be7 12. Qa4 0-0 13. Rfd1 h6 14. Bxf6 Bxf6 15. e3 Bxc3 16. bxc3 Qf6 17. Rab1 Rab8 18. Qf4 Qxf4 19. gxf4 Bf5 20. Rb5 Be4 21. Nd2 Bxg2 22. Kxg2 Rfd8 23. Nf3 f6 24. Rbxd5 Rxd5 25. Rxd5 Rd8 26. Rb5 Rd3 27. Rxb7 Rxc3 28. Rc7 Rc2 29. Rc8+ Kf7 30. Rc7+ Kf8 31. Nh4 Nd4 32. Ra7 Nc6 33. Rc7 Nd4 34. Ra7 Nc6 35. Ra8+ Kf7 36. Nf5 Kg6 37. Nd6 Rd2 38. Ne4 Rd3 39. Ra6 Ne7 40. Rxa5 Nf5 41. Kf1 Rd1+ 42. Ke2 Rh1 43. Rxf5 Rxh2 44. Rd5 Rh1 45. Rd1 Rh5 46. a4 Ra5 47. Ra1 Kf5 48. Nd6+ Ke6 49. Nc4 Rc5 50. Kd3 Rd5+ 51. Kc3 h5 52. e4 Rd8 53. a5 h4 54. f5+ Kf7 55. a6 g5 56. a7 Ra8 57. Nb6 1-0

[Event "Bayamon Barbosa op"]
[Site "Bayamon"]
[Date "2024.07.25"]
[Round "4"]
[White "Carrion Perez, Louis E"]
[Black "Boggiano Pereira, Miguel A"]
[Result "0-1"]
[WhiteElo "1820"]
[BlackElo "2008"]
[PlyCount "70"]
[EventDate "2024.07.22"]
[EventType "swiss"]
[EventRounds "7"]
[EventCountry "PUR"]
[SourceTitle "EXT 2025"]
[Source "ChessBase"]
[SourceDate "2024.10.14"]
[SourceVersion "1"]
[SourceVersionDate "2024.10.14"]
[SourceQuality "1"]

1. Nf3 d5 2. g3 Nf6 3. Bg2 e6 4. 0-0 Be7 5. d3 0-0 6. Nbd2 c5 7. e4 Nc6 8. e5 Nd7 9. Re1 Qc7 10. Qe2 b5 11. Nf1 c4 12. d4 c3 13. b3 a5 14. Bf4 Ba6 15. h4 Qa7 16. Red1 Rae8 17. Bh3 Bd8 18. h5 f6 19. N1h2 b4 20. Qe3 fxe5 21. Nxe5 Ndxe5 22. Bxe5 Nxe5 23. Qxe5 Qf7 24. Ng4 h6 25. Re1 Bc7 26. Qe3 Qxh5 27. Kg2 Qg6 28. Rac1 Qe4+ 29. f3 Qxe3 30. Rxe3 h5 31. Ne5 Rf6 32. Nd7 Rg6 33. Nc5 Rxg3+ 34. Kf2 Rxh3 35. Nxa6 Bf4 0-1

[Event "PUR-ch"]
[Site "San Juan"]
[Date "2024.04.07"]
[Round "4"]
[White "Gerena Rivas, Eliam"]
[Black "Boggiano Pereira, Miguel A"]
[Result "1/2-1/2"]
[WhiteElo "2144"]
[BlackElo "1975"]
[PlyCount "66"]
[EventDate "2024.04.06"]
[EventType "tourn"]
[EventRounds "9"]
[EventCountry "PUR"]
[SourceTitle "CBM 219 Extra"]
[Source "ChessBase"]
[SourceDate "2024.05.31"]
[SourceVersion "1"]
[SourceVersionDate "2024.05.31"]
[SourceQuality "1"]

1. e4 c5 2. Nf3 d6 3. d4 cxd4 4. Nxd4 Nf6 5. Nc3 a6 6. Be2 e5 7. Nb3 Be7 8. 0-0 0-0 9. a4 b6 10. Bg5 Nbd7 11. Nd2 Bb7 12. Nc4 Nxe4 13. Nxe4 Bxe4 14. Bxe7 Qxe7 15. Qxd6 Qxd6 16. Nxd6 Bxc2 17. Rfc1 Bg6 18. Rc7 Nc5 19. Nc4 Ne6 20. Re7 Nd4 21. Bf1 Nc6 22. Rc7 Rac8 23. Rxc8 Rxc8 24. Nxb6 Rb8 25. Nd7 Rxb2 26. Rc1 Rc2 27. Rb1 h5 28. Re1 e4 29. Bxa6 Bf5 30. Nb6 Nb4 31. Bc4 Be6 32. Bxe6 fxe6 33. h3 Nd3 1/2-1/2

[Event "PUR-ch"]
[Site "San Juan"]
[Date "2024.04.06"]
[Round "2"]
[White "Boggiano Pereira, Miguel A"]
[Black "Rodriguez Santiago, Jaime"]
[Result "1-0"]
[WhiteElo "1975"]
[BlackElo "2044"]
[PlyCount "65"]
[EventDate "2024.04.06"]
[EventType "tourn"]
[EventRounds "9"]
[EventCountry "PUR"]
[SourceTitle "CBM 219 Extra"]
[Source "ChessBase"]
[SourceDate "2024.05.31"]
[SourceVersion "1"]
[SourceVersionDate "2024.05.31"]
[SourceQuality "1"]

1. d4 d5 2. c4 c6 3. Nf3 Nf6 4. Nc3 e6 5. Qc2 Nbd7 6. e3 Bd6 7. Bd3 0-0 8. 0-0 dxc4 9. Bxc4 b5 10. Be2 Bb7 11. e4 e5 12. Rd1 Qc7 13. dxe5 Nxe5 14. Nd4 Ned7 15. g3 a6 16. Nf5 Bc5 17. a3 a5 18. Be3 Rfd8 19. Rac1 Bxe3 20. Nxe3 Qe5 21. Nf5 Nf8 22. b4 axb4 23. axb4 g6 24. f4 Qc7 25. Nh6+ Kg7 26. e5 Qb6+ 27. Kf1 Nd5 28. Nxd5 cxd5 29. Qc7 Qe6 30. Bg4 Qe8 31. Nxf7 Ne6 32. Bxe6 Qxe6 33. Nxd8+ 1-0

[Event "Titled Tuesday intern op 05th Dec Late"]
[Site "Chess.com INT"]
[Date "2023.12.05"]
[Round "3"]
[White "Boggiano Pereira, Miguel A"]
[Black "Skibbe, Willi"]
[Result "0-1"]
[WhiteElo "1969"]
[BlackElo "2178"]
[PlyCount "108"]
[EventDate "2023.12.05"]
[EventType "swiss (blitz)"]
[EventRounds "11"]
[EventCountry "USA"]
[SourceTitle "EXT 2025"]
[Source "ChessBase"]
[SourceDate "2024.10.14"]
[SourceVersion "1"]
[SourceVersionDate "2024.10.14"]
[SourceQuality "1"]

1. c4 e6 2. e4 d5 3. cxd5 exd5 4. exd5 Nf6 5. Bb5+ Bd7 6. Bc4 Bd6 7. h3 0-0 8. Ne2 b5 9. Bb3 Na6 10. d4 Nb4 11. Nbc3 a5 12. a3 a4 13. axb4 axb3 14. Rxa8 Qxa8 15. Qxb3 Bf5 16. 0-0 Bd3 17. Be3 Bc4 18. Qa3 Nxd5 19. Ra1 Qc6 20. Qa6 Qxa6 21. Rxa6 Nxb4 22. Ra7 Rb8 23. Nf4 Nc6 24. Ra1 b4 25. Ncd5 Ne7 26. Nxe7+ Bxe7 27. Rc1 Bb5 28. Rxc7 Bd6 29. Ra7 h6 30. g3 Bc4 31. Rd7 Bf8 32. Ra7 g5 33. Ra4 gxf4 34. Bxf4 Rb7 35. Ra8 Rd7 36. Be5 Be6 37. Rb8 b3 38. f4 Bd5 39. Kf2 f6 40. Bxf6 Kf7 41. Be5 Bd6 42. Bxd6 Rxd6 43. Rh8 Kg7 44. Rb8 Rc6 45. Rb7+ Kg6 46. Ke3 Bf7 47. Rb5 Rc2 48. h4 Rxb2 49. h5+ Kg7 50. Kd3 Rg2 51. g4 Rxg4 52. Ke4 Rg3 53. d5 Bxh5 54. d6 Be8 0-1

[Event "Titled Tuesday intern op 05th Dec Late"]
[Site "Chess.com INT"]
[Date "2023.12.05"]
[Round "8"]
[White "Negron Lizarazo, Juan Sebastian"]
[Black "Boggiano Pereira, Miguel A"]
[Result "1-0"]
[WhiteElo "1791"]
[BlackElo "1969"]
[PlyCount "75"]
[EventDate "2023.12.05"]
[EventType "swiss (blitz)"]
[EventRounds "11"]
[EventCountry "USA"]
[SourceTitle "EXT 2025"]
[Source "ChessBase"]
[SourceDate "2024.10.14"]
[SourceVersion "1"]
[SourceVersionDate "2024.10.14"]
[SourceQuality "1"]

1. e4 c5 2. Nc3 Nc6 3. g3 g6 4. Bg2 Bg7 5. d3 d6 6. Be3 Rb8 7. Qd2 b5 8. Rb1 b4 9. Nce2 h5 10. h3 Nf6 11. Nf3 Nd7 12. 0-0 a5 13. Nh2 Nb6 14. f4 Ba6 15. f5 c4 16. fxg6 fxg6 17. Nf4 Ne5 18. Ne6 Qc8 19. Nxg7+ Kd7 20. d4 c3 21. Qd1 Nec4 22. Bc1 Qg8 23. b3 Na3 24. Bxa3 Bxf1 25. Qxf1 bxa3 26. Qb5+ Kd8 27. Qxa5 Qxg7 28. Rd1 e6 29. Qxc3 Qc7 30. Qb4 Kd7 31. Qxa3 Ra8 32. Qb2 Rhf8 33. c4 Nc8 34. e5 d5 35. cxd5 exd5 36. Bxd5 Ra5 37. Bc4 Ne7 38. d5 1-0

[Event "Titled Tuesday intern op 28th Nov Late"]
[Site "Chess.com INT"]
[Date "2023.11.28"]
[Round "5"]
[White "Boggiano Pereira, Miguel A"]
[Black "Boyer, Mahel"]
[Result "0-1"]
[WhiteElo "1969"]
[BlackElo "2463"]
[PlyCount "78"]
[EventDate "2023.11.28"]
[EventType "swiss (blitz)"]
[EventRounds "11"]
[EventCountry "USA"]
[SourceTitle "EXT 2025"]
[Source "ChessBase"]
[SourceDate "2024.10.14"]
[SourceVersion "1"]
[SourceVersionDate "2024.10.14"]
[SourceQuality "1"]

1. e4 c5 2. Nf3 d6 3. d4 cxd4 4. Nxd4 Nf6 5. Nc3 Nc6 6. Be3 Ng4 7. Bc1 Qb6 8. Bb5 e5 9. Nd5 Qxd4 10. Bxc6+ bxc6 11. Qxd4 exd4 12. Nc7+ Kd7 13. Nxa8 Bb7 14. Bf4 Bxa8 15. Bg3 Be7 16. 0-0-0 h5 17. h3 Ne5 18. f4 Nc4 19. Rxd4 d5 20. Rhd1 Bc5 21. Rxc4 Be3+ 22. Kb1 h4 23. Bh2 Re8 24. exd5 cxd5 25. f5 Bc6 26. Rc3 d4 27. Rcd3 Bb5 28. Rb3 a6 29. c3 d3 30. Rb4 Bc5 31. Rxh4 Kc8 32. Rg4 Re2 33. c4 Bd7 34. Rf4 Be3 35. Rf3 d2 36. Rxe3 Bxf5+ 37. Ka1 Rxe3 38. Rxd2 Re1+ 39. Rd1 Rxd1# 0-1

[Event "Titled Tuesday intern op 28th Nov Late"]
[Site "Chess.com INT"]
[Date "2023.11.28"]
[Round "8"]
[White "Boggiano Pereira, Miguel A"]
[Black "Korol, Dimitry"]
[Result "0-1"]
[WhiteElo "1969"]
[BlackElo "2287"]
[PlyCount "40"]
[EventDate "2023.11.28"]
[EventType "swiss (blitz)"]
[EventRounds "11"]
[EventCountry "USA"]
[SourceTitle "EXT 2025"]
[Source "ChessBase"]
[SourceDate "2024.10.14"]
[SourceVersion "1"]
[SourceVersionDate "2024.10.14"]
[SourceQuality "1"]

1. e4 c5 2. Nf3 d6 3. d4 cxd4 4. Nxd4 Nf6 5. Nc3 g6 6. Be3 Bg7 7. f3 0-0 8. Qd2 Nc6 9. 0-0-0 d5 10. Nxc6 bxc6 11. exd5 Nxd5 12. Nxd5 cxd5 13. Qxd5 Rb8 14. c3 Qc7 15. Qc5 Qb7 16. Rd2 Bf5 17. Bc4 Bxc3 18. b3 Rfc8 19. Qd5 Bxd2+ 20. Qxd2 Rxc4+ 0-1

[Event "Titled Tuesday intern op 28th Nov Late"]
[Site "Chess.com INT"]
[Date "2023.11.28"]
[Round "9"]
[White "Ghosh, Chanchal Kumer"]
[Black "Boggiano Pereira, Miguel A"]
[Result "1-0"]
[WhiteElo "2026"]
[BlackElo "1969"]
[PlyCount "45"]
[EventDate "2023.11.28"]
[EventType "swiss (blitz)"]
[EventRounds "11"]
[EventCountry "USA"]
[SourceTitle "EXT 2025"]
[Source "ChessBase"]
[SourceDate "2024.10.14"]
[SourceVersion "1"]
[SourceVersionDate "2024.10.14"]
[SourceQuality "1"]

1. e4 e6 2. Nf3 d5 3. Nc3 Nf6 4. e5 Nfd7 5. d4 c5 6. Bg5 Qb6 7. dxc5 Qxb2 8. Nb5 Na6 9. Rb1 Qxa2 10. Bd2 Bxc5 11. Bd3 Qa4 12. h3 Nb4 13. Nc7+ Kf8 14. Nxa8 Nxd3+ 15. cxd3 Qc6 16. d4 Bb6 17. 0-0 Nb8 18. Nxb6 axb6 19. Rc1 Qd7 20. Bb4+ Kg8 21. Bd6 Nc6 22. Qb3 h5 23. Qxb6 1-0

[Event "Caribbean-chT 24th"]
[Site "San Salvador"]
[Date "2023.07.06"]
[Round "12.2"]
[White "Boggiano Pereira, Miguel A"]
[Black "Cardoso Cardoso, Jose Gabriel"]
[Result "0-1"]
[WhiteElo "2012"]
[BlackElo "2484"]
[PlyCount "36"]
[EventDate "2023.07.06"]
[EventType "tourn"]
[EventRounds "15"]
[EventCountry "ESA"]
[SourceTitle "CBM 215 Extra"]
[Source "ChessBase"]
[SourceDate "2023.09.30"]
[SourceVersion "1"]
[SourceVersionDate "2023.09.30"]
[SourceQuality "1"]
[WhiteTeam "Puerto Rico"]
[BlackTeam "Colombia"]
[WhiteTeamCountry "PUR"]
[BlackTeamCountry "COL"]

1. d4 Nf6 2. c4 e6 3. Nc3 Bb4 4. f3 c5 5. d5 0-0 6. e4 d6 7. Bd3 b5 8. Nge2 exd5 9. exd5 bxc4 10. Bxc4 Nbd7 11. 0-0 Ne5 12. Bb3 Ba6 13. Bc2 Re8 14. Re1 Nc4 15. Bd3 Qb6 16. Qa4 Nxb2 17. Qxa6 Nxd3 18. Qxd3 c4+ 0-1

[Event "Caribbean-chT 24th"]
[Site "San Salvador"]
[Date "2023.07.06"]
[Round "5.2"]
[White "Ibarra Chami, Luis Fernando"]
[Black "Boggiano Pereira, Miguel A"]
[Result "1-0"]
[WhiteElo "2450"]
[BlackElo "2012"]
[PlyCount "71"]
[EventDate "2023.07.06"]
[EventType "tourn"]
[EventRounds "15"]
[EventCountry "ESA"]
[SourceTitle "CBM 215 Extra"]
[Source "ChessBase"]
[SourceDate "2023.09.30"]
[SourceVersion "1"]
[SourceVersionDate "2023.09.30"]
[SourceQuality "1"]
[WhiteTeam "Mexico"]
[BlackTeam "Puerto Rico"]
[WhiteTeamCountry "MEX"]
[BlackTeamCountry "PUR"]

1. e4 c5 2. Nc3 d6 3. d4 cxd4 4. Qxd4 Nf6 5. b3 Nc6 6. Qd2 e5 7. Bb2 Be7 8. 0-0-0 a6 9. Kb1 Qc7 10. f3 b5 11. g4 b4 12. Nd5 Nxd5 13. exd5 Nd4 14. Bd3 a5 15. Ne2 Nxf3 16. Qe3 Bxg4 17. h3 Bh5 18. Ng3 Bg5 19. Qe4 Nd2+ 20. Rxd2 Bg6 21. Bb5+ Kf8 22. Qg2 Bxd2 23. Qxd2 Qc5 24. Bc6 Ra7 25. Rf1 a4 26. Bxa4 Ra5 27. Bc6 f6 28. h4 Be8 29. Bxe8 Kxe8 30. Rd1 Ke7 31. Nf5+ Kf7 32. h5 Rha8 33. Qg2 Rg8 34. Qg4 Ra6 35. Rg1 Qf2 36. Nh6+ 1-0

[Event "Caribbean-chT 24th"]
[Site "San Salvador"]
[Date "2023.07.06"]
[Round "7.2"]
[White "Quesada Perez, Luis Ernesto"]
[Black "Boggiano Pereira, Miguel A"]
[Result "1-0"]
[WhiteElo "2554"]
[BlackElo "2012"]
[PlyCount "116"]
[EventDate "2023.07.06"]
[EventType "tourn"]
[EventRounds "15"]
[EventCountry "ESA"]
[SourceTitle "CBM 215 Extra"]
[Source "ChessBase"]
[SourceDate "2023.09.30"]
[SourceVersion "1"]
[SourceVersionDate "2023.09.30"]
[SourceQuality "1"]
[WhiteTeam "Cuba"]
[BlackTeam "Puerto Rico"]
[WhiteTeamCountry "CUB"]
[BlackTeamCountry "PUR"]

1. d4 Nf6 2. c4 c5 3. d5 b5 4. cxb5 a6 5. bxa6 g6 6. Nc3 Bxa6 7. e4 Bxf1 8. Kxf1 d6 9. g3 Bg7 10. Nf3 0-0 11. Kg2 Nbd7 12. Re1 Qa5 13. Qc2 Rfb8 14. Bd2 Ng4 15. a4 Qb4 16. h3 Nge5 17. Nb5 Qc4 18. Bc3 Qd3 19. Qxd3 Nxd3 20. Reb1 Bxc3 21. bxc3 Ra5 22. c4 Rba8 23. Nc3 N7e5 24. Nxe5 Nxe5 25. Rb7 Kf8 26. Rab1 Nxc4 27. h4 h5 28. f4 Ne3+ 29. Kf3 Nc2 30. e5 Nd4+ 31. Kf2 Nf5 32. R1b6 R5a6 33. Rb8+ Kg7 34. R6b7 R6a7 35. Kf3 Nd4+ 36. Ke3 Nc2+ 37. Ke4 Nd4 38. Rxa7 Rxa7 39. Rb6 Nf5 40. Kf3 Nd4+ 41. Kf2 Nf5 42. Kg2 Kf8 43. Kh3 Kg7 44. g4 hxg4+ 45. Kxg4 Ra8 46. h5 Ne3+ 47. Kf3 Nc4 48. Rb7 dxe5 49. hxg6 Kxg6 50. Rxe7 exf4 51. Kxf4 Nb2 52. d6 Nxa4 53. Nd5 Rd8 54. d7 c4 55. Ke5 c3 56. Kd6 c2 57. Re1 Nb2 58. Rc1 Nc4+ 1-0

[Event "Caribbean-chT 24th"]
[Site "San Salvador"]
[Date "2023.07.06"]
[Round "13.2"]
[White "Ynojosa Aponte, Felix Jose"]
[Black "Boggiano Pereira, Miguel A"]
[Result "1-0"]
[WhiteElo "2413"]
[BlackElo "2012"]
[PlyCount "41"]
[EventDate "2023.07.06"]
[EventType "tourn"]
[EventRounds "15"]
[EventCountry "ESA"]
[SourceTitle "CBM 215 Extra"]
[Source "ChessBase"]
[SourceDate "2023.09.30"]
[SourceVersion "1"]
[SourceVersionDate "2023.09.30"]
[SourceQuality "1"]
[WhiteTeam "Venezuela"]
[BlackTeam "Puerto Rico"]
[WhiteTeamCountry "VEN"]
[BlackTeamCountry "PUR"]

1. e4 c5 2. c3 d5 3. exd5 Qxd5 4. d4 Nf6 5. Nf3 Bg4 6. Be2 e6 7. h3 Bh5 8. 0-0 Be7 9. Be3 cxd4 10. cxd4 Nc6 11. Nc3 Qd6 12. a3 0-0 13. Qb3 Rfd8 14. Rfd1 Rac8 15. Rac1 Nd5 16. Nxd5 exd5 17. Qxb7 Rc7 18. Qb3 Rb8 19. Qc3 Bd8 20. Qd2 Ne7 21. Bf4 1-0

[Event "Caribbean-chT Rapid 24th"]
[Site "San Salvador"]
[Date "2023.07.05"]
[Round "15.2"]
[White "Boggiano Pereira, Miguel A"]
[Black "Quesada Perez, Luis Ernesto"]
[Result "0-1"]
[WhiteElo "1943"]
[BlackElo "2538"]
[PlyCount "42"]
[EventDate "2023.07.03"]
[EventType "tourn (rapid)"]
[EventRounds "15"]
[EventCountry "ESA"]
[SourceTitle "CBM 215 Extra"]
[Source "ChessBase"]
[SourceDate "2023.09.30"]
[SourceVersion "1"]
[SourceVersionDate "2023.09.30"]
[SourceQuality "1"]
[WhiteTeam "Puerto Rico"]
[BlackTeam "Cuba"]
[WhiteTeamCountry "PUR"]
[BlackTeamCountry "CUB"]

1. d4 Nf6 2. c4 c5 3. d5 b5 4. cxb5 a6 5. bxa6 e6 6. dxe6 fxe6 7. g3 d5 8. Bg2 Be7 9. Nf3 0-0 10. 0-0 Nc6 11. b3 e5 12. Bb2 e4 13. Ne1 Rxa6 14. Nc3 h5 15. Rc1 h4 16. Na4 h3 17. Bh1 Ng4 18. e3 Nce5 19. Bxe5 Nxe5 20. Qh5 Bg5 21. Nxc5 Bg4 0-1

[Event "Caribbean-chT Rapid 24th"]
[Site "San Salvador"]
[Date "2023.07.04"]
[Round "6.2"]
[White "Boggiano Pereira, Miguel A"]
[Black "Ibarra Chami, Luis Fernando"]
[Result "0-1"]
[WhiteElo "1943"]
[BlackElo "2429"]
[PlyCount "76"]
[EventDate "2023.07.03"]
[EventType "tourn (rapid)"]
[EventRounds "15"]
[EventCountry "ESA"]
[SourceTitle "CBM 215 Extra"]
[Source "ChessBase"]
[SourceDate "2023.09.30"]
[SourceVersion "1"]
[SourceVersionDate "2023.09.30"]
[SourceQuality "1"]
[WhiteTeam "Puerto Rico"]
[BlackTeam "Mexico"]
[WhiteTeamCountry "PUR"]
[BlackTeamCountry "MEX"]

1. d4 Nf6 2. c4 e6 3. Nc3 Bb4 4. f3 d5 5. a3 Be7 6. e4 dxe4 7. fxe4 c5 8. d5 exd5 9. cxd5 Bd6 10. Nf3 0-0 11. Be2 Re8 12. Bg5 h6 13. Bxf6 Qxf6 14. 0-0 Nd7 15. Qc2 a6 16. a4 Ne5 17. Ne1 Qh4 18. g3 Qg5 19. Ng2 Bh3 20. Rf2 c4 21. Nf4 Bg4 22. h4 Qd8 23. Kg2 Qd7 24. Bxg4 Nxg4 25. Re2 b5 26. Rae1 Be5 27. d6 Qxd6 28. Rd1 Qc5 29. Kf3 Nf6 30. Ncd5 b4 31. Nxf6+ Bxf6 32. Rd5 Qc6 33. Nh5 Be5 34. Red2 b3 35. Qd1 c3 36. bxc3 b2 37. Kg2 Rab8 38. Qb1 Qg6 0-1

[Event "Central America-ch 24th"]
[Site "San Salvador"]
[Date "2023.01.21"]
[Round "3"]
[White "Boggiano Pereira, Miguel A"]
[Black "Araujo Sanchez, Josue"]
[Result "0-1"]
[WhiteElo "1919"]
[BlackElo "2203"]
[PlyCount "118"]
[EventDate "2023.01.21"]
[EventType "swiss"]
[EventRounds "11"]
[EventCountry "ESA"]
[SourceTitle "CBM 212 Extra"]
[Source "ChessBase"]
[SourceDate "2023.03.31"]
[SourceVersion "1"]
[SourceVersionDate "2023.03.31"]
[SourceQuality "1"]

1. d4 Nf6 2. c4 e6 3. Nc3 Bb4 4. f3 c5 5. d5 Nh5 6. Nh3 Qh4+ 7. Nf2 Qxc4 8. e4 Qd4 9. Bd2 0-0 10. Nd3 Qf6 11. e5 Qh4+ 12. Nf2 Qd4 13. Nd3 Qh4+ 14. Nf2 f5 15. g3 Qd4 16. f4 g6 17. d6 Nc6 18. Be2 Ng7 19. Rb1 c4 20. Nb5 Bxd2+ 21. Qxd2 Qc5 22. Nc7 Rb8 23. Rc1 b5 24. h4 Nd4 25. b4 Qb6 26. Nd1 Bb7 27. Rf1 Nxe2 28. Qxe2 h5 29. Nc3 a6 30. Nd1 Ne8 31. Nxe8 Rfxe8 32. Qe3 Qc6 33. Nc3 Ra8 34. Ne2 Rec8 35. Nd4 Qd5 36. Rd1 Qe4 37. Qxe4 Bxe4 38. Rc1 c3 39. Rf2 Rc4 40. Nc2 a5 41. Ne3 axb4 42. Nxc4 bxc4 43. Re2 Bd3 44. Rf2 Ra3 45. Kd1 Be4 46. Rh2 Kf8 47. Rf2 Ke8 48. Ke1 Kd8 49. Re2 Kc8 50. Rh2 Kb7 51. Rf2 Kc6 52. Re2 Kc5 53. Kf2 Kd4 54. Rd1+ Bd3 55. Kf3 Rxa2 56. Rxa2 b3 57. Ra7 c2 58. Re1 b2 59. Rxd7 c1Q 0-1

[Event "Central America-ch 24th"]
[Site "San Salvador"]
[Date "2023.01.21"]
[Round "5"]
[White "Ynojosa Aponte, Felix Jose"]
[Black "Boggiano Pereira, Miguel A"]
[Result "1-0"]
[WhiteElo "2412"]
[BlackElo "1919"]
[PlyCount "163"]
[EventDate "2023.01.21"]
[EventType "swiss"]
[EventRounds "11"]
[EventCountry "ESA"]
[SourceTitle "CBM 212 Extra"]
[Source "ChessBase"]
[SourceDate "2023.03.31"]
[SourceVersion "1"]
[SourceVersionDate "2023.03.31"]
[SourceQuality "1"]

1. e4 c5 2. c3 d5 3. exd5 Qxd5 4. d4 Nf6 5. Nf3 Bg4 6. Be2 e6 7. h3 Bh5 8. 0-0 Nc6 9. Be3 cxd4 10. cxd4 Be7 11. Nc3 Qd6 12. a3 0-0 13. Qb3 Rfd8 14. Rfd1 Rab8 15. Rac1 a6 16. Rd2 b5 17. g4 Bg6 18. d5 Na5 19. Qa2 exd5 20. Rcd1 Ne4 21. Rxd5 Nxc3 22. bxc3 Qc7 23. Ne5 Bf6 24. Nd7 Be4 25. Nxf6+ gxf6 26. R5d4 Rxd4 27. Bxd4 f5 28. Qd2 f4 29. Bf6 Nb3 30. Qd6 Qxd6 31. Rxd6 f3 32. Bd3 Nc5 33. Bxe4 Nxe4 34. Rxa6 Nxf6 35. Rxf6 Ra8 36. Rxf3 Rxa3 37. Kg2 Rb3 38. g5 b4 39. cxb4 Rxb4 40. Rf6 Kg7 41. Kg3 Rb3+ 42. Kg4 Rb4+ 43. f4 Rb1 44. h4 Rg1+ 45. Kf3 Rh1 46. Kg3 Rg1+ 47. Kh2 Rg4 48. Kh3 Rg1 49. h5 Rh1+ 50. Kg4 Rg1+ 51. Kf5 Ra1 52. Rd6 Ra5+ 53. Ke4 Ra4+ 54. Ke5 Ra5+ 55. Rd5 Ra8 56. Kf5 Rb8 57. Rd7 Rb5+ 58. Kg4 Rb8 59. Ra7 Rc8 60. f5 Rc4+ 61. Kf3 Rc8 62. g6 hxg6 63. hxg6 Rf8 64. Kf4 Kf6 65. Ra6+ Kg7 66. Kg5 fxg6 67. Rxg6+ Kh7 68. Rh6+ Kg7 69. f6+ Kf7 70. Rh7+ Ke6 71. Re7+ Kd6 72. Kg6 Rg8+ 73. Kf7 Rg1 74. Re6+ Kd7 75. Re4 Rf1 76. Rd4+ Kc6 77. Ke7 Re1+ 78. Kf8 Kc5 79. Rd2 Rf1 80. f7 Rf3 81. Re2 Kd6 82. Ke8 1-0

[Event "San Juan-ch Juvenil de Puerto Rico"]
[Site "San Juan"]
[Date "2016.12.11"]
[Round "5.1"]
[White "Lopez Rivera, Jose A"]
[Black "Boggiano Pereira, Miguel A"]
[Result "0-1"]
[WhiteElo "1559"]
[BlackElo "1931"]
[PlyCount "92"]
[EventDate "2016.12.09"]
[EventType "tourn"]
[EventRounds "5"]
[EventCountry "PUR"]
[SourceTitle "EXT 2024"]
[Source "ChessBase"]
[SourceDate "2023.10.10"]
[SourceVersion "1"]
[SourceVersionDate "2023.10.10"]
[SourceQuality "1"]

1. e4 c5 2. Nf3 d6 3. d4 cxd4 4. Nxd4 Nf6 5. Nc3 a6 6. Be3 e5 7. Nb3 Be6 8. Be2 Be7 9. 0-0 0-0 10. f3 Nbd7 11. Qd2 Rc8 12. Nd5 Nxd5 13. exd5 Bf5 14. Bd3 Bxd3 15. Qxd3 Qc7 16. c3 b5 17. Nd2 Nc5 18. Bxc5 Qxc5+ 19. Kh1 f5 20. a4 b4 21. c4 Bg5 22. b3 Rf6 23. Rae1 Rcf8 24. h3 Rh6 25. Qe2 Qd4 26. Nb1 Rff6 27. Rd1 Qf4 28. Qd2 Qg3 29. Qf2 Qxf2 30. Rxf2 Be3 31. Re2 Bc5 32. Nd2 Rh4 33. Rf1 Rfh6 34. Kh2 g5 35. Ree1 g4 36. fxg4 fxg4 37. Re4 gxh3 38. Rxh4 Rxh4 39. gxh3 Rd4 40. Rg1+ Kf8 41. Rg2 e4 42. Nf1 Rd3 43. Rg3 e3 44. Rf3+ Ke8 45. Kg2 e2 46. Rxd3 e1Q 0-1